[Event "British Chess Championship 2010"]
[Site "Canterbury ENG"]
[Date "2010.08.06"]
[Round "11.16"]
[White "Dorrington, Chris J"]
[Black "Mackle, Dominic"]
[Result "1-0"]
[WhiteElo "2255"]
[BlackElo "2021"]
[PlyCount "83"]
[EventDate "2010.07.27"]
[EventType "swiss"]
[EventRounds "11"]
[EventCountry "ENG"]
[Source "lmi"]
[SourceDate "2010.07.25"]

1. d4 d5 2. Nf3 Nc6 3. c4 Bg4 4. cxd5 Bxf3 5. gxf3 Qxd5 6. e3 e5 7. Nc3 Bb4 8.
a3 Bxc3+ 9. bxc3 Nf6 10. c4 Qd6 11. d5 Ne7 12. Rb1 Nd7 13. Be2 O-O 14. Rxb7 Nc5
15. Rb5 a6 16. Rb4 f5 17. Bd2 a5 18. Rb5 c6 19. dxc6 Qxc6 20. Bc3 Rad8 21. Qb1
e4 22. Rg1 Ng6 23. Bd4 Ne6 24. Rb6 Qe8 25. Ba1 exf3 26. Bxf3 f4 27. Qe4 Nc5 28.
Qxe8 Rfxe8 29. Bd5+ Kh8 30. Bd4 Nd7 31. Rb7 fxe3 32. fxe3 Nf6 33. Bxf6 gxf6 34.
Kf2 Re7 35. Rgb1 Rdd7 36. Rxd7 Rxd7 37. Rb5 Ra7 38. c5 Ne7 39. Bf3 Kg7 40. c6
Kf7 41. Rb7 Ra8 42. Bd5+ 1-0

[Event "British Chess Championship 2010"]
[Site "Canterbury ENG"]
[Date "2010.08.06"]
[Round "11.17"]
[White "Spence, David J"]
[Black "Haydon, David L"]
[Result "0-1"]
[WhiteElo "2244"]
[BlackElo "2187"]
[PlyCount "114"]
[EventDate "2010.07.27"]
[EventType "swiss"]
[EventRounds "11"]
[EventCountry "ENG"]
[Source "lmi"]
[SourceDate "2010.07.25"]

1. e4 c6 2. d4 d5 3. Nc3 dxe4 4. Nxe4 Bf5 5. Ng3 Bg6 6. h4 h6 7. Nf3 Nd7 8. h5
Bh7 9. Bd3 Bxd3 10. Qxd3 e6 11. Bf4 Ngf6 12. O-O-O Be7 13. Kb1 O-O 14. Ne4 Nxe4
15. Qxe4 Nf6 16. Qe2 Qd5 17. Ne5 Qe4 18. Qxe4 Nxe4 19. Rhf1 Rad8 20. f3 Nf6 21.
g4 c5 22. dxc5 Bxc5 23. c4 Rfe8 24. a3 Rc8 25. b4 Bb6 26. Kb2 Bc7 27. Kb3 b5
28. Rc1 Bb8 29. Bh2 bxc4+ 30. Rxc4 Rxc4 31. Kxc4 Rc8+ 32. Kb3 Nd5 33. f4 Rc3+
34. Kb2 Rh3 35. Rf2 Bxe5+ 36. fxe5 Ne3 37. Re2 Nc4+ 38. Kc1 Rxa3 39. Re4 Rc3+
40. Kd1 Ne3+ 41. Kd2 Nd5 42. Bg1 a6 43. Bc5 a5 44. Rd4 axb4 45. Bxb4 Rg3 46.
Bc5 Kh7 47. Ra4 g6 48. hxg6+ Kxg6 49. Bf2 Rf3 50. Ke2 Rb3 51. Ra8 Nf4+ 52. Kd2
Kg5 53. Rg8+ Ng6 54. Be3+ Kxg4 55. Bxh6 Kf5 56. Rg7 Nxe5 57. Rg5+ Ke4 0-1

[Event "British Chess Championship 2010"]
[Site "Canterbury ENG"]
[Date "2010.08.06"]
[Round "11.18"]
[White "Addison, Bret C"]
[Black "Jaunooby, Ali R"]
[Result "0-1"]
[WhiteElo "2235"]
[BlackElo "2155"]
[PlyCount "72"]
[EventDate "2010.07.27"]
[EventType "swiss"]
[EventRounds "11"]
[EventCountry "ENG"]
[Source "lmi"]
[SourceDate "2010.07.25"]

1. c4 Nf6 2. Nc3 e6 3. Nf3 d5 4. d4 c6 5. cxd5 exd5 6. Bg5 h6 7. Bh4 Bf5 8. e3
Qb6 9. Qc1 Nbd7 10. Be2 g5 11. Bg3 Nh5 12. O-O Nxg3 13. hxg3 Bd6 14. a3 a5 15.
Bd1 Bd3 16. Re1 f5 17. Bc2 Be4 18. Nd2 g4 19. Rb1 Qd8 20. b4 axb4 21. axb4 h5
22. Bxe4 fxe4 23. b5 Rc8 24. bxc6 bxc6 25. Qd1 Nf6 26. Ne2 h4 27. Nf4 Qd7 28.
Ng6 hxg3 29. Nxh8 gxf2+ 30. Kxf2 g3+ 31. Kg1 Qh7 32. Nf1 Qxh8 33. Rb7 Qh4 34.
Qa4 Ng4 35. Qa7 Qh2+ 36. Nxh2 gxh2+ 0-1

[Event "British Chess Championship 2010"]
[Site "Canterbury ENG"]
[Date "2010.08.06"]
[Round "11.20"]
[White "Cumbers, Paul"]
[Black "Grant, David J"]
[Result "1-0"]
[WhiteElo "2218"]
[BlackElo "2082"]
[PlyCount "35"]
[EventDate "2010.07.27"]
[EventType "swiss"]
[EventRounds "11"]
[EventCountry "ENG"]
[Source "lmi"]
[SourceDate "2010.07.25"]

1. Nf3 c5 2. b3 d5 3. c4 g6 4. cxd5 Bg7 5. Nc3 Nf6 6. Ba3 Nxd5 7. Nxd5 Qxd5 8.
Rc1 b6 9. d4 c4 10. Rxc4 Ba6 11. Rc3 Nc6 12. e3 Qa5 13. Qc1 Bb7 14. Be2 e5 15.
O-O Qd5 16. dxe5 Nxe5 17. Rd1 Qe6 18. Bb5+ 1-0

[Event "British Chess Championship 2010"]
[Site "Canterbury ENG"]
[Date "2010.08.06"]
[Round "11.21"]
[White "Adair, James"]
[Black "Sathyanandha, Saravanan"]
[Result "1/2-1/2"]
[WhiteElo "2205"]
[BlackElo "1986"]
[PlyCount "56"]
[EventDate "2010.07.27"]
[EventType "swiss"]
[EventRounds "11"]
[EventCountry "ENG"]
[Source "lmi"]
[SourceDate "2010.07.25"]

1. e4 e6 2. d4 d5 3. Nd2 Nf6 4. e5 Nfd7 5. f4 c5 6. c3 Nc6 7. Ndf3 cxd4 8. cxd4
Bb4+ 9. Bd2 Qa5 10. Ne2 Bxd2+ 11. Qxd2 Qxd2+ 12. Kxd2 b5 13. Nc1 Rb8 14. Nd3 a5
15. Rc1 Rb6 16. Be2 O-O 17. Nc5 a4 18. Nxd7 Bxd7 19. Rc5 Na5 20. Rc7 Bc8 21.
Kc3 b4+ 22. Kd2 Ba6 23. Ra7 Nc4+ 24. Bxc4 dxc4 25. Rc1 Rfb8 26. Ng5 R8b7 27.
Ra8+ Rb8 28. Ra7 R8b7 1/2-1/2

[Event "British Chess Championship 2010"]
[Site "Canterbury ENG"]
[Date "2010.08.06"]
[Round "11.22"]
[White "Makepeace, Philip J"]
[Black "Sugden, John N"]
[Result "0-1"]
[WhiteElo "2074"]
[BlackElo "2199"]
[PlyCount "98"]
[EventDate "2010.07.27"]
[EventType "swiss"]
[EventRounds "11"]
[EventCountry "ENG"]
[Source "lmi"]
[SourceDate "2010.07.25"]

1. e4 c6 2. Ne2 d5 3. e5 c5 4. b4 cxb4 5. d4 a5 6. a3 Na6 7. Ng3 e6 8. Bd3 Bd7
9. O-O g6 10. Nd2 h5 11. Qf3 Be7 12. Nb3 Nh6 13. Bd2 Bc6 14. Nxa5 Qxa5 15. axb4
Qb6 16. b5 Bxb5 17. Rfb1 Qxd4 18. Bxb5+ Kf8 19. Bd3 Kg7 20. Be3 Qxe5 21. Ra4
Qc7 22. Bd4+ e5 23. Nxh5+ Kh7 24. Qxd5 exd4 25. Rxb7 Qd6 26. Qxd6 Bxd6 27. Rb6
Nc5 28. Nf6+ Kg7 29. Rxa8 Rxa8 30. Rxd6 Nxd3 31. h3 Ra1+ 32. Kh2 Nf5 33. Ne8+
Kf8 34. cxd3 Kxe8 35. Rb6 Ra3 36. g4 Ne7 37. Rb8+ Kd7 38. h4 Rxd3 39. h5 gxh5
40. gxh5 Rf3 41. Kg2 Rf6 42. Rb3 Rd6 43. Rd3 Nc6 44. Kg3 Ke6 45. Kf4 Rd5 46.
Rh3 d3 47. Re3+ Kf6 48. h6 d2 49. h7 Kg7 0-1

[Event "British Chess Championship 2010"]
[Site "Canterbury ENG"]
[Date "2010.08.06"]
[Round "11.23"]
[White "Padilla Cabero, Pablo"]
[Black "Chapman, Terry P D"]
[Result "1/2-1/2"]
[WhiteElo "2149"]
[BlackElo "2251"]
[PlyCount "67"]
[EventDate "2010.07.27"]
[EventType "swiss"]
[EventRounds "11"]
[EventCountry "ENG"]
[Source "lmi"]
[SourceDate "2010.07.25"]

1. f4 g6 2. Nf3 Bg7 3. e3 d6 4. Be2 e5 5. d3 exf4 6. exf4 Nf6 7. O-O O-O 8. d4
Re8 9. Bd3 Nc6 10. c3 Ne7 11. Na3 Nf5 12. Re1 Bd7 13. Bd2 Rxe1+ 14. Qxe1 d5 15.
Nc2 Nd6 16. Rd1 Bg4 17. Qf1 Nfe4 18. Bc1 c6 19. Re1 Bxf3 20. gxf3 Nf6 21. f5
Nxf5 22. Bxf5 gxf5 23. Ne3 Qd7 24. Qh3 Re8 25. Kf1 Re6 26. Ng2 Rxe1+ 27. Kxe1
Qe6+ 28. Kf2 f4 29. Nxf4 Qxh3 30. Nxh3 Kf8 31. Kg3 Ke7 32. Kh4 Ke6 33. Nf4+ Ke7
34. Nh3 1/2-1/2

[Event "British Chess Championship 2010"]
[Site "Canterbury ENG"]
[Date "2010.08.06"]
[Round "11.24"]
[White "Maciol, Ryszard"]
[Black "Almond, Richard J"]
[Result "1/2-1/2"]
[WhiteElo "2239"]
[BlackElo "2148"]
[PlyCount "49"]
[EventDate "2010.07.27"]
[EventType "swiss"]
[EventRounds "11"]
[EventCountry "ENG"]
[Source "lmi"]
[SourceDate "2010.07.25"]

1. d4 d5 2. c4 e6 3. Nc3 Nf6 4. Bg5 Be7 5. cxd5 exd5 6. e3 O-O 7. Bd3 Re8 8.
Bxf6 Bxf6 9. Qh5 g6 10. Qxd5 Bxd4 11. Qxd8 Bxc3+ 12. bxc3 Rxd8 13. Ke2 Bg4+ 14.
Nf3 Nd7 15. Rad1 Nc5 16. Bc4 Kf8 17. Rd4 h5 18. h3 Bxf3+ 19. Kxf3 Ne6 20. Rxd8+
Rxd8 21. Ke2 Nc5 22. Rb1 a5 23. g4 hxg4 24. hxg4 b6 25. Rh1 1/2-1/2

[Event "British Chess Championship 2010"]
[Site "Canterbury ENG"]
[Date "2010.08.06"]
[Round "11.25"]
[White "Vrubl, Jaroslav"]
[Black "Galliano, Alexander"]
[Result "1/2-1/2"]
[WhiteElo "2210"]
[BlackElo "2085"]
[PlyCount "57"]
[EventDate "2010.07.27"]
[EventType "swiss"]
[EventRounds "11"]
[EventCountry "ENG"]
[Source "lmi"]
[SourceDate "2010.07.25"]

1. e4 e5 2. Nf3 Nc6 3. Bc4 Nf6 4. d4 exd4 5. e5 d5 6. Bb5 Ne4 7. Nxd4 Bd7 8.
Bxc6 bxc6 9. O-O Bc5 10. f3 Ng5 11. f4 Ne4 12. c3 O-O 13. Nd2 Nxd2 14. Bxd2 f6
15. Qh5 Qe8 16. Qe2 Bb6 17. Rfe1 c5 18. Nf3 Bg4 19. c4 d4 20. h3 Bxf3 21. Qxf3
fxe5 22. Rxe5 Qxe5 23. fxe5 Rxf3 24. gxf3 Kf7 25. Kf2 Ke6 26. f4 Rf8 27. Rg1 g6
28. Kf3 Rf5 29. Ke4 1/2-1/2

[Event "British Chess Championship 2010"]
[Site "Canterbury ENG"]
[Date "2010.08.06"]
[Round "11.27"]
[White "Senior, Gary"]
[Black "Shaw, Peter"]
[Result "1/2-1/2"]
[WhiteElo "2069"]
[BlackElo "2173"]
[PlyCount "63"]
[EventDate "2010.07.27"]
[EventType "swiss"]
[EventRounds "11"]
[EventCountry "ENG"]
[Source "lmi"]
[SourceDate "2010.07.25"]

1. e4 c6 2. d4 d5 3. f3 dxe4 4. fxe4 e5 5. Nf3 Bg4 6. Bc4 Nd7 7. c3 Bh5 8. O-O
Ngf6 9. Bg5 Be7 10. Nbd2 h6 11. Bh4 Ng4 12. Bxe7 Qxe7 13. Qe1 Bg6 14. Nh4 Ngf6
15. Nxg6 fxg6 16. b4 Nb6 17. Qg3 O-O-O 18. Bb3 exd4 19. e5 Nfd5 20. cxd4 Qxb4
21. Nf3 g5 22. Rae1 Rhf8 23. e6 Ne7 24. h4 gxh4 25. Qxh4 Qd6 26. Re4 Nbd5 27.
Rfe1 Rf4 28. Qh3 Rxe4 29. Rxe4 Nf6 30. Re1 Qf4 31. Qh2 Qxh2+ 32. Kxh2 1/2-1/2

[Event "British Chess Championship 2010"]
[Site "Canterbury ENG"]
[Date "2010.08.06"]
[Round "11.28"]
[White "Jameson, David"]
[Black "Salimbeni, George P W"]
[Result "1/2-1/2"]
[WhiteElo "2047"]
[BlackElo "2164"]
[PlyCount "35"]
[EventDate "2010.07.27"]
[EventType "swiss"]
[EventRounds "11"]
[EventCountry "ENG"]
[Source "lmi"]
[SourceDate "2010.07.25"]

1. e4 e5 2. Nf3 Nc6 3. Bb5 a6 4. Ba4 Nf6 5. O-O Be7 6. d4 exd4 7. e5 Ne4 8.
Nxd4 Nxd4 9. Qxd4 Nc5 10. Nc3 O-O 11. Nd5 Nxa4 12. Qxa4 d6 13. Nxe7+ Qxe7 14.
exd6 Qxd6 15. Bf4 Qe7 16. Rfe1 Be6 17. Qe4 c6 18. Rad1 1/2-1/2

[Event "British Chess Championship 2010"]
[Site "Canterbury ENG"]
[Date "2010.08.06"]
[Round "11.29"]
[White "Combie, Alex B"]
[Black "Rich, Mark C"]
[Result "1-0"]
[WhiteElo "2018"]
[BlackElo "2166"]
[PlyCount "35"]
[EventDate "2010.07.27"]
[EventType "swiss"]
[EventRounds "11"]
[EventCountry "ENG"]
[Source "lmi"]
[SourceDate "2010.07.25"]

1. d4 f5 2. Nc3 c6 3. e4 fxe4 4. Nxe4 d5 5. Qh5+ g6 6. Qe5 dxe4 7. Qxh8 Nf6 8.
Bh6 Qa5+ 9. c3 Nbd7 10. Bc4 Qf5 11. Nh3 e6 12. O-O Ng4 13. Bxf8 Nxf8 14. f3 Qf6
15. Qxf6 Nxf6 16. fxe4 Nxe4 17. Rf4 Nd6 18. Raf1 1-0

[Event "British Chess Championship 2010"]
[Site "Canterbury ENG"]
[Date "2010.08.06"]
[Round "11.30"]
[White "Helbig, Paul D"]
[Black "Bucher, Grant W"]
[Result "0-1"]
[WhiteElo "2160"]
[BlackElo "2012"]
[PlyCount "70"]
[EventDate "2010.07.27"]
[EventType "swiss"]
[EventRounds "11"]
[EventCountry "ENG"]
[Source "lmi"]
[SourceDate "2010.07.25"]

1. e4 e5 2. f4 exf4 3. Bc4 Nc6 4. d4 Nf6 5. e5 d5 6. Bb3 Bg4 7. Nf3 Ne4 8. Bxf4
Bxf3 9. Qxf3 Nxd4 10. Qh3 Bc5 11. Nc3 Nxb3 12. axb3 Nf2 13. Qg3 Nxh1 14. Qxg7
Rf8 15. O-O-O c6 16. Ne4 dxe4 17. Rxd8+ Rxd8 18. Bg5 Rd7 19. b4 Nf2 20. c3 Be7
21. Be3 Nd3+ 22. Kb1 f5 23. exf6 Bxf6 24. Qg4 Re7 25. Bh6 Rh8 26. Bg5 Bxg5 27.
Qc8+ Kf7 28. Qxh8 Kg6 29. Qd4 Kh5 30. h3 e3 31. Qxd3 e2 32. Qf3+ Kg6 33. Qd3+
Kh6 34. Qd6+ Kh5 35. g4+ Kh4 0-1

[Event "British Chess Championship 2010"]
[Site "Canterbury ENG"]
[Date "2010.08.06"]
[Round "11.32"]
[White "Messam-Sparks, Lateefah"]
[Black "Goodger, Martyn"]
[Result "1/2-1/2"]
[WhiteElo "1904"]
[BlackElo "2123"]
[PlyCount "45"]
[EventDate "2010.07.27"]
[EventType "swiss"]
[EventRounds "11"]
[EventCountry "ENG"]
[Source "lmi"]
[SourceDate "2010.07.25"]

1. d4 f5 2. g3 Nf6 3. Bg2 e6 4. Nf3 d5 5. c3 Bd6 6. Nbd2 O-O 7. O-O Nbd7 8. c4
c6 9. b3 b6 10. Bb2 Bb7 11. Rc1 Qe8 12. e3 c5 13. Ne5 Ne4 14. Nxe4 dxe4 15.
Nxd7 Qxd7 16. dxc5 bxc5 17. Qd2 Rfd8 18. Rfd1 Qc7 19. Qc3 Bf8 20. Bf1 Qc6 21.
Qe5 Rd3 22. Be2 Rad8 23. Bc3 1/2-1/2

[Event "British Chess Championship 2010"]
[Site "Canterbury ENG"]
[Date "2010.08.06"]
[Round "11.34"]
[White "Clarke, Brandon G I"]
[Black "Ball, Laurence"]
[Result "0-1"]
[WhiteElo "2097"]
[BlackElo "2106"]
[PlyCount "88"]
[EventDate "2010.07.27"]
[EventType "swiss"]
[EventRounds "11"]
[EventCountry "ENG"]
[Source "lmi"]
[SourceDate "2010.07.25"]

1. Nf3 d6 2. d4 f5 3. g3 Nf6 4. Bg2 g6 5. b3 Bg7 6. Bb2 O-O 7. O-O c6 8. c4 Ne4
9. Nbd2 Na6 10. a3 Qe8 11. Nxe4 fxe4 12. Nd2 d5 13. f4 Bf5 14. b4 Qd7 15. Qb3
Kh8 16. e3 Nc7 17. Rfc1 Rac8 18. a4 h5 19. h4 Bh3 20. Qd1 Bxg2 21. Kxg2 Ne8 22.
Nb3 Nd6 23. Nd2 b6 24. Qe2 Bf6 25. c5 bxc5 26. Rxc5 Nf5 27. Rac1 Kh7 28. Nb3 e6
29. Ba3 Be7 30. R5c2 c5 31. Nxc5 Bxc5 32. dxc5 Qxa4 33. Rc3 Rf7 34. Kh3 e5 35.
b5 d4 36. exd4 exd4 37. Qxe4 Re7 38. Qc2 Qxb5 39. Rb3 Qc6 40. Rcb1 Qe6 41. Kh2
Ne3 42. Qd2 Qc6 43. Rd3 Rce8 44. Rxd4 Qf3 0-1

[Event "British Chess Championship 2010"]
[Site "Canterbury ENG"]
[Date "2010.08.06"]
[Round "11.35"]
[White "Mayhew, Andrew"]
[Black "Dines, Sheila J"]
[Result "1-0"]
[WhiteElo "2085"]
[BlackElo "1931"]
[PlyCount "37"]
[EventDate "2010.07.27"]
[EventType "swiss"]
[EventRounds "11"]
[EventCountry "ENG"]
[Source "lmi"]
[SourceDate "2010.07.25"]

1. e4 e5 2. Bc4 Bc5 3. b4 Bxb4 4. c3 Bc5 5. d4 exd4 6. Nf3 d6 7. O-O dxc3 8.
Qb3 Be6 9. Bxe6 fxe6 10. Ng5 Qd7 11. Qxb7 Nc6 12. Qxa8+ Nd8 13. Qb8 Bb6 14. a4
Ne7 15. a5 Nec6 16. axb6 cxb6 17. Rxa7 c2 18. Rxd7 Kxd7 19. Qxb6 1-0

[Event "British Chess Championship 2010"]
[Site "Canterbury ENG"]
[Date "2010.08.06"]
[Round "11.36"]
[White "Krzyzanowski, Patryk"]
[Black "Cumming, Rhys"]
[Result "0-1"]
[WhiteElo "2030"]
[BlackElo "1986"]
[PlyCount "140"]
[EventDate "2010.07.27"]
[EventType "swiss"]
[EventRounds "11"]
[EventCountry "ENG"]
[Source "lmi"]
[SourceDate "2010.07.25"]

1. c4 Nf6 2. Nc3 d5 3. e3 g6 4. Nf3 Bg7 5. Be2 O-O 6. O-O c5 7. cxd5 Nxd5 8.
Nxd5 Qxd5 9. Qc2 Nd7 10. d3 Qc6 11. Bd2 Qb6 12. Bc3 Nf6 13. Nd2 Be6 14. Nc4
Bxc4 15. dxc4 Rad8 16. Rad1 Qc7 17. Bf3 b6 18. b3 Rxd1 19. Rxd1 Rd8 20. g3
Rxd1+ 21. Qxd1 Qd7 22. Qe2 Ne8 23. Be1 Qf5 24. Qd1 Nd6 25. Kg2 h5 26. h4 Kh7
27. Bd5 Qe5 28. a4 Nf5 29. Bxf7 Qxg3+ 30. fxg3 Nxe3+ 31. Kf3 Nxd1 32. Ke2 Nc3+
33. Kd3 Na2 34. a5 Nc1+ 35. Kc2 Ne2 36. axb6 axb6 37. Kd3 Nd4 38. b4 Nf3 39.
Bc3 cxb4 40. Bxg7 Kxg7 41. Bd5 Ne5+ 42. Kc2 Nf7 43. Kb3 Nd6 44. Bf3 Nf5 45.
Kxb4 Nxg3 46. Kb5 Nf5 47. Kxb6 Nxh4 48. Be4 Nf5 49. c5 h4 50. c6 Nd6 51. c7 Kf6
52. Kc6 h3 53. Bf3 g5 54. Bg4 h2 55. Bf3 g4 56. Bg2 Ke6 57. Bd5+ Ke5 58. Bh1
Kf4 59. Kd7 Kg3 60. Kxe7 Nc8+ 61. Kd7 Na7 62. Kd6 Kf2 63. Kc5 g3 64. Bb7 g2 65.
Kb6 Nc8+ 66. Bxc8 h1=Q 67. Bb7 Qb1+ 68. Ka7 Qc1 69. Bxg2 Qxc7+ 70. Ka8 Qd8+ 0-1

[Event "British Chess Championship 2010"]
[Site "Canterbury ENG"]
[Date "2010.08.06"]
[Round "11.38"]
[White "Fegan, Chris"]
[Black "Freeman, Richard C P"]
[Result "1/2-1/2"]
[WhiteElo "2051"]
[BlackElo "2056"]
[PlyCount "62"]
[EventDate "2010.07.27"]
[EventType "swiss"]
[EventRounds "11"]
[EventCountry "ENG"]
[Source "lmi"]
[SourceDate "2010.07.25"]

1. d4 g6 2. e4 d6 3. Nc3 c6 4. a4 Bg7 5. Nf3 Nf6 6. Be3 O-O 7. Qd2 Nbd7 8. Bh6
e5 9. Bxg7 Kxg7 10. Be2 Re8 11. h4 h5 12. O-O Qe7 13. Rad1 Nf8 14. Ng5 N6h7 15.
d5 c5 16. f4 exf4 17. Rxf4 Nxg5 18. hxg5 Nh7 19. Rdf1 Nxg5 20. Rf6 Qe5 21. Nb5
Rd8 22. Qf4 Qxf4 23. R6xf4 a6 24. Nc3 Bd7 25. Kh2 Rab8 26. Kg3 Be8 27. b3 Nh7
28. Nd1 Nf8 29. Rf6 Nh7 30. R6f2 Nf8 31. Rf6 Nh7 1/2-1/2

[Event "British Chess Championship 2010"]
[Site "Canterbury ENG"]
[Date "2010.08.06"]
[Round "11.39"]
[White "Doran, Chris"]
[Black "McCullough, Simon L"]
[Result "1/2-1/2"]
[WhiteElo "1997"]
[BlackElo "2030"]
[PlyCount "90"]
[EventDate "2010.07.27"]
[EventType "swiss"]
[EventRounds "11"]
[EventCountry "ENG"]
[Source "lmi"]
[SourceDate "2010.07.25"]

1. e4 c6 2. d4 d5 3. e5 c5 4. c4 e6 5. cxd5 exd5 6. Nc3 Be6 7. Nf3 Nc6 8. Bb5
h6 9. O-O g5 10. dxc5 Bxc5 11. Nd4 Bxd4 12. Qxd4 Nge7 13. f4 g4 14. f5 Bxf5 15.
Be3 Be6 16. Na4 Qa5 17. Qd3 a6 18. Bxc6+ Nxc6 19. Nc5 O-O-O 20. Rfc1 d4 21. Bf4
Kb8 22. a3 Qb5 23. Nxa6+ Qxa6 24. Qxa6 bxa6 25. Rxc6 Kb7 26. Rac1 Rd5 27. Rd6
Rxd6 28. exd6 d3 29. Kf2 h5 30. Ke3 h4 31. Kxd3 Rh5 32. Rc7+ Ka8 33. Ke4 Rd5
34. Re7 h3 35. gxh3 gxh3 36. b4 a5 37. bxa5 Rxa5 38. d7 Ra4+ 39. Kd3 Bxd7 40.
Rxd7 Rxf4 41. Ke3 Rf1 42. Rd2 Ra1 43. Rd8+ Kb7 44. Rd7+ Kc6 45. Rxf7 Rxa3+
1/2-1/2